Rok 2000 Co budeme jíst dnes a zítra

Na minha lista:
Detalhes bibliográficos
Autor principal: Hrubý, Jiří
Formato: Livro
Idioma:tcheco
Publicado em: Praha Mladá fronta 1985
Edição:1. vyd.
Colecção:Prameny Sv.54
Tags: Adicionar Tag
Sem tags, seja o primeiro a adicionar uma tag!

MARC

LEADER 00000nam a2200000 4500
001 c038851
005 20221220082237.1
041 0 |a cze 
044 |a CZ 
245 1 0 |a Rok 2000  |b Co budeme jíst dnes a zítra  |c Jiří Hrubý 
250 |a 1. vyd. 
264 1 |a Praha  |b Mladá fronta  |c 1985 
300 |a 211 s. 
490 1 |a Prameny  |v Sv.54 
830 0 |a Prameny  |v Sv.54 
100 1 |a Hrubý, Jiří